000 00581nas a2200229Ia 4500
001 te19-52293
003 IT-MiCISF
005 20250603201009.0
008 161014c99999999xx |||||||||||| ||und||
040 _aIT-MiCISF
_cIT-MiCISF
041 _ait
100 _aSebastiani Lilia
_957572
245 0 _aVecchiaia oltre il tabù
250 _a"Rocca", 15 novembre, 15 dicembre
260 _c2012
300 _app. 54-56, 38-40
500 _a Tema: anziani, società, invecchiamento
650 _aterza età
654 _aarticolo
942 _cCR
_2ddc
999 _c218378
_d218378
999 _bSi